First Asian Cities in History to Reach 100,000 People - Statistics

General Stats
  • This quiz has been taken 600 times
  • The average score is 27 of 83
Answer Stats
Year Country City % Correct
1150 China Beijing
95%
763 AD Iraq Baghdad
90%
1605 Japan Tokyo
88%
1300 India Delhi
87%
795 AD Japan Kyoto
78%
1400 South Korea Seoul
78%
205 BC China Xi'an
78%
1185 China Guangzhou
75%
1583 Japan Osaka
75%
670 AD Syria Damascus
74%
1625 Bangladesh Dhaka
73%
1746 India Kolkata
72%
1584 Pakistan Lahore
72%
1670 Turkey İzmir
71%
320 AD China Nanjing
70%
1690 China Wuchang
69%
600 BC Iraq Babylon
65%
1600 China Chengdu
63%
975 AD Iran Isfahan
57%
1724 India Hyderabad
56%
1560 India Agra
55%
1218 Uzbekistan Samarkand
55%
1132 China Hangzhou
53%
910 AD Cambodia Angkor
52%
650 AD Iraq Basra
51%
1500 India Ahmedabad
50%
1295 Iran Tabriz
47%
1736 Iran Mashhad
44%
1435 Turkey Bursa
38%
1000 BC China Luoyang
38%
350 BC India Patna
36%
900 AD Uzbekistan Bukhara
35%
1625 India Surat
33%
1100 Turkmenistan Merv
32%
1360 China Suzhou
32%
1725 India Varanasi
32%
275 BC Turkey Antakya
31%
1621 China Shenyang
31%
865 AD China Dali
29%
670 BC Iraq Nineveh
28%
920 AD China Kaifeng
26%
1230 Turkey Konya
25%
750 AD China Lhasa
25%
310 BC Iraq Seleucia / Ctesiphon
25%
1450 Thailand Ayutthaya
22%
1100 Myanmar Bagan
22%
90 AD Pakistan Peshawar
21%
750 AD Japan Nara
19%
357 AD China Ye
17%
1735 India Jodhpur
15%
1350 India Vijayanagara
14%
1545 Myanmar Bago
13%
500 BC Iran Hamadan
12%
1640 India Srinagar
12%
845 AD Iraq Samarra
11%
1185 Japan Kamakura
10%
940 AD Saudi Arabia Al-Ahsa
9%
1684 India Aurangabad
9%
850 AD Iran Nishapur
9%
660 AD Iraq Kufa
8%
800 AD Iran Ray
7%
1200 China Yinchuan
7%
200 BC Sri Lanka Anuradhapura
6%
1250 India Cuttack
6%
1300 India Gauḍa
6%
500 BC China Xiadu
6%
220 BC China Xianyang
6%
1440 India Jaunpur
5%
620 AD India Kannauj
5%
600 AD Myanmar Pyay
5%
1600 Japan Shizuoka
5%
1566 India Bijapur
4%
1575 China Jingdezhen
4%
1085 India Kalyan
3%
1000 India Patan
3%
1560 Iran Qazvin
3%
1010 India Thanjavur
3%
900 AD India Malkheda
2%
1609 Myanmar Mrauk U
2%
1704 India Murshidabad
2%
1639 India Rajmahal
2%
1313 Iran Soltaniyeh
2%
1615 India Burhanpur
1%
No matching quizzes found
Score Distribution
Percent of People with Each Score
Percentile by Number Answered
Your Score History
You have not taken this quiz